000 00348 a2200157 4500
001 14398
020 _a9788526017368
040 _cAnchieta - Aquarius
100 _aFrança, Mary
240 1 0 _aCavalinho de vento
_lpor
245 1 0 _aCavalinho de vento
300 _a24p.
362 0 _a2012
650 4 _aLiteratura infanto-juvenil
942 _cBK
999 _c14398
_d14398